[Event "AUT-chT 2324"]
[Site "Austria"]
[Date "2024.03.23"]
[Round "10.3"]
[White "Berchtenbreiter, Maximilian"]
[Black "Ivanisevic, Ivan"]
[Result "1-0"]
[WhiteElo "2494"]
[BlackElo "2543"]
[PlyCount "81"]
[EventDate "2023.11.22"]
[EventType "team-tourn"]
[EventRounds "11"]
[EventCountry "AUT"]
[SourceTitle "CB13_2024"]
[SourceDate "2024.03.27"]
[SourceVersion "1"]
[SourceVersionDate "2024.03.27"]
[SourceQuality "1"]
[WhiteTeam "Schach ohne Grenzen"]
[BlackTeam "Pinggau Friedberg"]
[WhiteTeamCountry "AUT"]
[BlackTeamCountry "AUT"]

1. e4 e5 2. Nf3 Nc6 3. Bb5 a6 4. Ba4 Nf6 5. 0-0 d6 6. Re1 Bd7 7. c3 g6 8. d4 Bg7 9. Nbd2 0-0 10. Nf1 exd4 11. cxd4 Nb4 12. Bb3 Bg4 13. h3 Bxf3 14. Qxf3 Nd7 15. Be3 a5 16. a3 Nc6 17. Rad1 a4 18. Ba2 Kh8 19. Ng3 Nb6 20. d5 Ne5 21. Qe2 Qh4 22. Bd4 Nbd7 23. Qe3 Rae8 24. Bb1 f5 25. exf5 Nf6 26. Bc3 g5 27. Ne2 g4 28. Qg3 Qxg3 29. fxg3 gxh3 30. Nf4 h2+ 31. Kxh2 Rg8 32. Ne6 Nfg4+ 33. Kg1 Bh6 34. Rd4 Nf6 35. Rh4 Bg5 36. Rxe5 dxe5 37. Bxe5 Bxh4 38. gxh4 Ref8 39. Nxf8 Rxf8 40. g4 Kg8 41. Ba2 1-0

[Event "AUT-chT 2324"]
[Site "Austria"]
[Date "2024.03.20"]
[Round "7.3"]
[White "Berchtenbreiter, Maximilian"]
[Black "Bauer, Sebastian"]
[Result "1/2-1/2"]
[WhiteElo "2494"]
[BlackElo "2299"]
[PlyCount "62"]
[EventDate "2023.11.22"]
[EventType "team-tourn"]
[EventRounds "11"]
[EventCountry "AUT"]
[SourceTitle "CB13_2024"]
[SourceDate "2024.03.27"]
[SourceVersion "1"]
[SourceVersionDate "2024.03.27"]
[SourceQuality "1"]
[WhiteTeam "Schach ohne Grenzen"]
[BlackTeam "Maria Saal"]
[WhiteTeamCountry "AUT"]
[BlackTeamCountry "AUT"]

1. e4 e5 2. Nf3 Nc6 3. Bb5 a6 4. Ba4 Nf6 5. 0-0 Nxe4 6. d4 b5 7. Bb3 d5 8. dxe5 Be6 9. Nbd2 Nc5 10. c3 Be7 11. Bc2 d4 12. cxd4 Nxd4 13. Nxd4 Qxd4 14. Nf3 Qxd1 15. Rxd1 Rd8 16. Rxd8+ Bxd8 17. Bd2 Bd5 18. a4 bxa4 19. Be3 Be7 20. Nd4 g6 21. Ne2 Bb3 22. Bxb3 axb3 23. Nc1 Kd7 24. Bxc5 Bxc5 25. Nxb3 Bb6 26. Kf1 Re8 27. f4 g5 28. fxg5 Rxe5 29. Nd2 Rxg5 30. Rxa6 Rf5+ 31. Nf3 Rb5 1/2-1/2

[Event "AUT-chT 2324"]
[Site "Austria"]
[Date "2023.11.25"]
[Round "5.2"]
[White "Karthik, Venkataraman"]
[Black "Berchtenbreiter, Maximilian"]
[Result "1-0"]
[WhiteElo "2565"]
[BlackElo "2494"]
[PlyCount "83"]
[EventDate "2023.11.22"]
[EventType "team-tourn"]
[EventRounds "11"]
[EventCountry "AUT"]
[SourceTitle "CB48_2023"]
[SourceDate "2023.11.29"]
[SourceVersion "1"]
[SourceVersionDate "2023.11.29"]
[SourceQuality "1"]
[WhiteTeam "Raika Feffernitz"]
[BlackTeam "Schach ohne Grenzen"]
[WhiteTeamCountry "AUT"]
[BlackTeamCountry "AUT"]

1. e4 c6 2. d4 d5 3. e5 Bf5 4. Nf3 e6 5. Be2 h6 6. 0-0 Ne7 7. c3 Bh7 8. a4 a5 9. Na3 Ng6 10. Nc2 Be7 11. Nfe1 c5 12. f4 Nc6 13. Bd3 Qb6 14. Kh1 cxd4 15. Nxd4 0-0 16. Nef3 Bc5 17. Nb5 Rac8 18. Bd2 Rfd8 19. Qe1 Nge7 20. Bxh7+ Kxh7 21. b4 axb4 22. cxb4 Bd4 23. Nbxd4 Nxd4 24. Be3 Nef5 25. Nxd4 Nxd4 26. Rd1 Rc4 27. Rxd4 Rxd4 28. Qa1 Qxb4 29. Qxd4 Qxd4 30. Bxd4 Rc8 31. a5 Rc4 32. Bb6 h5 33. f5 Re4 34. fxe6 fxe6 35. h3 Rxe5 36. Rf7 Re1+ 37. Kh2 e5 38. Rxb7 d4 39. a6 d3 40. Rd7 e4 41. a7 Ra1 42. Rd8 1-0

[Event "AUT-chT 2324"]
[Site "Austria"]
[Date "2023.11.24"]
[Round "3.2"]
[White "Banusz, Tamas"]
[Black "Berchtenbreiter, Maximilian"]
[Result "1-0"]
[WhiteElo "2609"]
[BlackElo "2494"]
[PlyCount "91"]
[EventDate "2023.11.22"]
[EventType "team-tourn"]
[EventRounds "11"]
[EventCountry "AUT"]
[SourceTitle "CB48_2023"]
[SourceDate "2023.11.29"]
[SourceVersion "1"]
[SourceVersionDate "2023.11.29"]
[SourceQuality "1"]
[WhiteTeam "Ottakring"]
[BlackTeam "Schach ohne Grenzen"]
[WhiteTeamCountry "AUT"]
[BlackTeamCountry "AUT"]

1. Nf3 c6 2. g3 d5 3. Bg2 Nf6 4. 0-0 g6 5. b3 Bg7 6. Bb2 0-0 7. c4 Bg4 8. d4 Nbd7 9. Nc3 Bxf3 10. Bxf3 e6 11. e3 a5 12. Qc2 Re8 13. Rfd1 Nb6 14. Be2 h5 15. Rab1 Nc8 16. Na4 Nd6 17. Nc5 Ng4 18. Nd3 Qg5 19. Bc1 Ne4 20. Kg2 Rad8 21. Rf1 f5 22. h4 Qh6 23. b4 axb4 24. Rxb4 Rd7 25. Qb3 dxc4 26. Qxc4 g5 27. Rh1 gxh4 28. Rxh4 Bf6 29. Rh1 h4 30. Qb3 Qg7 31. Bxg4 fxg4 32. gxh4 Nd6 33. Nf4 Qh7 34. Qb1 Nf5 35. h5 Qf7 36. Ng6 Bg7 37. Qe4 c5 38. dxc5 g3 39. fxg3 Red8 40. Qf3 Bc3 41. Rf4 Qg7 42. g4 Ne7 43. Qe4 Nd5 44. Qxe6+ Kh7 45. Nf8+ Kh8 46. Nxd7 1-0

[Event "GER-ch Rapid 49th"]
[Site "Dinkelsbuehl"]
[Date "2023.11.11"]
[Round "3"]
[White "Berchtenbreiter, Maximilian"]
[Black "Pubantz, Jan"]
[Result "1-0"]
[WhiteElo "2494"]
[BlackElo "2312"]
[PlyCount "79"]
[EventDate "2023.11.11"]
[EventType "swiss (rapid)"]
[EventRounds "9"]
[EventCountry "GER"]
[SourceTitle "CB46_2023"]
[SourceDate "2023.11.15"]
[SourceVersion "1"]
[SourceVersionDate "2023.11.15"]
[SourceQuality "1"]

1. g3 d5 2. c3 e5 3. d4 exd4 4. cxd4 Nf6 5. Bg5 Be7 6. Nc3 0-0 7. Bg2 c6 8. Qc2 Re8 9. Nf3 Ne4 10. Nxe4 dxe4 11. Bxe7 Qxe7 12. Ne5 Qb4+ 13. Qd2 Qxd2+ 14. Kxd2 Nd7 15. Nc4 Nf6 16. e3 Re7 17. h3 Be6 18. Rhc1 Bd5 19. b4 Bxc4 20. Rxc4 a5 21. b5 cxb5 22. Rc5 b4 23. Rac1 g6 24. Rb5 Ra6 25. Rcc5 b6 26. Rc6 Nd7 27. Rc7 Kf8 28. Rd5 Nf6 29. Rd8+ Re8 30. Rd6 Kg7 31. Bf1 Raa8 32. Bc4 Rf8 33. Rxb6 Rad8 34. Rbb7 Nd5 35. Rc5 Nc3 36. Rxa5 Rc8 37. Rxb4 Nb1+ 38. Kc2 Rb8 39. Rxb8 Rxb8 40. Bb3 1-0

[Event "GER-ch Rapid 49th"]
[Site "Dinkelsbuehl"]
[Date "2023.11.11"]
[Round "4"]
[White "Gloeckler, Christian"]
[Black "Berchtenbreiter, Maximilian"]
[Result "0-1"]
[WhiteElo "2332"]
[BlackElo "2494"]
[PlyCount "114"]
[EventDate "2023.11.11"]
[EventType "swiss (rapid)"]
[EventRounds "9"]
[EventCountry "GER"]
[SourceTitle "CB46_2023"]
[SourceDate "2023.11.15"]
[SourceVersion "1"]
[SourceVersionDate "2023.11.15"]
[SourceQuality "1"]

1. e4 g6 2. d4 c6 3. Nc3 d5 4. e5 h5 5. f4 Nh6 6. Be3 Bg4 7. Qd2 Nf5 8. Bf2 h4 9. e6 f6 10. Be2 Bxe2 11. Qxe2 Qd6 12. Nh3 Na6 13. 0-0-0 Nc7 14. Rde1 Ng7 15. Qg4 Rh6 16. Bxh4 Ncxe6 17. Bf2 Nf5 18. Ne2 a5 19. Qf3 a4 20. g4 Nh4 21. Bxh4 Rxh4 22. Qg3 Rh8 23. f5 gxf5 24. gxf5 Bh6+ 25. Kb1 Qxg3 26. hxg3 Ng7 27. g4 Bd2 28. Ref1 0-0-0 29. Nhf4 Bb4 30. Ng6 Rhg8 31. Nef4 Bd6 32. Nh5 Ne6 33. c3 Ng5 34. Kc2 Ne4 35. Kd3 c5 36. b3 Kb8 37. Rf3 cxd4 38. Kxd4 Rc8 39. c4 Ng5 40. Rc3 e5+ 41. Kd3 e4+ 42. Ke2 d4 43. Rcc1 d3+ 44. Kd2 Bb4+ 45. Ke3 Bc5+ 46. Kf4 Bd6+ 47. Ke3 Rc6 48. Nxf6 Bc5+ 49. Kf4 Rxf6 50. Kxg5 Rfxg6+ 51. fxg6 Be3+ 52. Kf6 Bxc1 53. Kf7 Rxg6 54. Kxg6 d2 55. Kf7 e3 56. g5 e2 57. g6 e1Q 0-1

[Event "GER-ch Rapid 49th"]
[Site "Dinkelsbuehl"]
[Date "2023.11.11"]
[Round "2"]
[White "Kolb, Tobias"]
[Black "Berchtenbreiter, Maximilian"]
[Result "1-0"]
[WhiteElo "2315"]
[BlackElo "2494"]
[PlyCount "73"]
[EventDate "2023.11.11"]
[EventType "swiss (rapid)"]
[EventRounds "9"]
[EventCountry "GER"]
[SourceTitle "CB46_2023"]
[SourceDate "2023.11.15"]
[SourceVersion "1"]
[SourceVersionDate "2023.11.15"]
[SourceQuality "1"]

1. d4 g6 2. c4 Bg7 3. Nc3 c6 4. e4 d5 5. cxd5 cxd5 6. e5 Nc6 7. h3 a6 8. Nf3 Bf5 9. Be2 f6 10. exf6 Nxf6 11. 0-0 0-0 12. Be3 Rc8 13. Rc1 b5 14. Ne5 Kh8 15. a4 b4 16. Na2 Nxe5 17. Rxc8 Qxc8 18. dxe5 Nd7 19. Nxb4 Qb7 20. Nxa6 Bxe5 21. b4 Bg7 22. b5 e5 23. Bf3 Nf6 24. Nb4 Rd8 25. Nc6 Re8 26. Bxd5 h6 27. Qb3 g5 28. a5 g4 29. h4 Qd7 30. Rd1 g3 31. Bf7 gxf2+ 32. Bxf2 Qc7 33. Bxe8 e4 34. Bg3 Qb7 35. Rd8 Kh7 36. Be5 Ng4 37. Bh5 1-0

[Event "GER-ch Blitz"]
[Site "Viernheim"]
[Date "2023.07.15"]
[Round "24"]
[White "Berchtenbreiter, Maximilian"]
[Black "Stein, Robert"]
[Result "1-0"]
[WhiteElo "2494"]
[BlackElo "2415"]
[PlyCount "63"]
[EventDate "2023.07.15"]
[EventType "tourn (blitz)"]
[EventRounds "29"]
[EventCountry "GER"]
[SourceTitle "CBM 215 Extra"]
[Source "ChessBase"]
[SourceDate "2023.09.30"]
[SourceVersion "1"]
[SourceVersionDate "2023.09.30"]
[SourceQuality "1"]

1. Nf3 Nf6 2. b3 g6 3. Bb2 Bg7 4. g3 0-0 5. Bg2 d5 6. 0-0 Bg4 7. h3 Bxf3 8. exf3 c6 9. f4 Nbd7 10. d4 e6 11. Nd2 c5 12. c4 cxd4 13. Bxd4 Qa5 14. a3 Rfd8 15. b4 Qa6 16. Qb3 Rac8 17. Rfc1 Ne4 18. Bxg7 Nxd2 19. Qa2 Kxg7 20. cxd5 Nc4 21. b5 Qxb5 22. dxe6 Ndb6 23. Rab1 Qf5 24. exf7 Qxf7 25. a4 Rd2 26. Qb3 Rcd8 27. a5 R2d3 28. Qb4 Nd2 29. axb6 Nxb1 30. bxa7 R3d4 31. Qxb1 b5 32. a8Q 1-0

[Event "GER-ch Blitz"]
[Site "Viernheim"]
[Date "2023.07.15"]
[Round "27"]
[White "Lenz, Jonas"]
[Black "Berchtenbreiter, Maximilian"]
[Result "0-1"]
[WhiteElo "2138"]
[BlackElo "2494"]
[PlyCount "90"]
[EventDate "2023.07.15"]
[EventType "tourn (blitz)"]
[EventRounds "29"]
[EventCountry "GER"]
[SourceTitle "CBM 215 Extra"]
[Source "ChessBase"]
[SourceDate "2023.09.30"]
[SourceVersion "1"]
[SourceVersionDate "2023.09.30"]
[SourceQuality "1"]

1. d4 Nf6 2. c4 a6 3. Nc3 c5 4. dxc5 e6 5. e4 Qc7 6. Nf3 Bxc5 7. Be2 Nc6 8. 0-0 0-0 9. g3 d6 10. h3 h6 11. Kg2 Rd8 12. b3 Ne5 13. Bb2 Bd7 14. Rc1 Bc6 15. Qc2 Rac8 16. Rcd1 Qb8 17. Nd4 Be8 18. f4 Nc6 19. Nxc6 Bxc6 20. Bf3 b5 21. Qe2 bxc4 22. bxc4 Be8 23. Ba1 Qc7 24. Rd3 Bb4 25. e5 dxe5 26. fxe5 Rxd3 27. Qxd3 Nd7 28. Ne4 Qxc4 29. Qxc4 Rxc4 30. Rf2 Rc1 31. Bd4 Re1 32. Nd6 Kf8 33. Bh5 Bxd6 34. exd6 e5 35. Bc3 Re3 36. Rf3 Re4 37. a3 f6 38. Bg4 Kf7 39. Bf5 Rc4 40. Bb4 Rd4 41. Bc3 Rxd6 42. Bb4 Rd4 43. Bb1 Kg8 44. Ba2+ Bf7 45. Bb1 Bd5 0-1

[Event "Munich Pfingst op-A 1st"]
[Site "Munich"]
[Date "2023.06.06"]
[Round "9"]
[White "Berchtenbreiter, Maximilian"]
[Black "Sorensen, Hampus"]
[Result "1-0"]
[WhiteElo "2483"]
[BlackElo "2449"]
[PlyCount "65"]
[EventDate "2023.05.31"]
[EventType "swiss"]
[EventRounds "9"]
[EventCountry "GER"]
[SourceTitle "EXT 2024"]
[Source "ChessBase"]
[SourceDate "2023.10.10"]
[SourceVersion "1"]
[SourceVersionDate "2023.10.10"]
[SourceQuality "1"]

1. Nf3 d5 2. b3 Bg4 3. Bb2 Nd7 4. g3 Bxf3 5. exf3 Ngf6 6. f4 g6 7. Bg2 c6 8. c4 Nb6 9. Qe2 Bg7 10. a4 a5 11. 0-0 0-0 12. d4 Nc8 13. Nd2 e6 14. Rfe1 Ne7 15. Rad1 Qb6 16. Ba3 Rfe8 17. Qd3 Nf5 18. Nf3 Qa6 19. Qc2 dxc4 20. bxc4 Rad8 21. Bb2 Qa7 22. Qb3 Nd7 23. Bc3 Nb8 24. Qb2 Na6 25. Bxa5 Nxd4 26. Ne5 c5 27. Bxd8 Rxd8 28. Qxb7 Qxb7 29. Bxb7 Nb4 30. a5 f6 31. Nf3 Rd7 32. Nxd4 cxd4 33. a6 1-0

[Event "Munich Pfingst op-A 1st"]
[Site "Munich"]
[Date "2023.06.01"]
[Round "2"]
[White "Berchtenbreiter, Maximilian"]
[Black "Degenhard, Simon"]
[Result "1-0"]
[WhiteElo "2483"]
[BlackElo "2247"]
[PlyCount "63"]
[EventDate "2023.05.31"]
[EventType "swiss"]
[EventRounds "9"]
[EventCountry "GER"]
[SourceTitle "CBM 214 Extra"]
[Source "ChessBase"]
[SourceDate "2023.07.31"]
[SourceVersion "1"]
[SourceVersionDate "2023.07.31"]
[SourceQuality "1"]

1. d4 Nf6 2. c4 e6 3. Nf3 d5 4. e3 c5 5. a3 Nc6 6. Nc3 a6 7. cxd5 exd5 8. Be2 cxd4 9. Nxd4 Bd6 10. 0-0 0-0 11. Bf3 Bc7 12. Nxc6 bxc6 13. Re1 Qd6 14. g3 Re8 15. b4 Bd7 16. Bb2 a5 17. b5 cxb5 18. Nxd5 Nxd5 19. Bxd5 Rab8 20. Rc1 Be6 21. Qd4 f6 22. Bxe6+ Rxe6 23. Qg4 Rbe8 24. Red1 Qe7 25. Bxf6 Qxf6 26. Rxc7 R6e7 27. Rc8 Re6 28. Rdc1 h6 29. Qh5 Qf8 30. Qd5 Qf7 31. Qxb5 Qf8 32. Qd5 1-0

[Event "AUT-chT 2223"]
[Site "Austria"]
[Date "2023.04.15"]
[Round "11.3"]
[White "Peyrer, Konstantin"]
[Black "Berchtenbreiter, Maximilian"]
[Result "1/2-1/2"]
[WhiteElo "2393"]
[BlackElo "2493"]
[PlyCount "76"]
[EventDate "2022.11.03"]
[EventType "team-tourn"]
[EventRounds "11"]
[EventCountry "AUT"]
[SourceTitle "EXT 2024"]
[Source "ChessBase"]
[SourceDate "2023.10.10"]
[SourceVersion "1"]
[SourceVersionDate "2023.10.10"]
[SourceQuality "1"]
[WhiteTeam "Ottakring"]
[BlackTeam "Schach ohne Grenzen"]
[WhiteTeamCountry "AUT"]
[BlackTeamCountry "AUT"]

1. d4 g6 2. c4 Bg7 3. Nc3 d6 4. Nf3 e5 5. e4 exd4 6. Nxd4 Ne7 7. Be2 Nbc6 8. Be3 0-0 9. 0-0 f5 10. exf5 Bxd4 11. Bxd4 Nxf5 12. Be3 Nxe3 13. fxe3 Rxf1+ 14. Qxf1 Be6 15. Bf3 Qe7 16. Bd5 Ne5 17. Qe2 Rf8 18. b3 Kg7 19. Bxe6 Qxe6 20. h3 c6 21. Rd1 Nf7 22. Qd3 Re8 23. Qd4+ Qe5 24. Kf2 Qf6+ 25. Qxf6+ Kxf6 26. Rd4 h5 27. c5 dxc5 28. Ne4+ Ke7 29. Nxc5 Nd6 30. Nd3 Rf8+ 31. Ke2 g5 32. Ne5 Rf5 33. Nc4 Nxc4 34. Rxc4 a5 35. g4 hxg4 36. Rxg4 Rc5 37. Kd2 Rf5 38. Ke2 Rc5 1/2-1/2

[Event "AUT-chT 2223"]
[Site "Austria"]
[Date "2022.11.06"]
[Round "4.3"]
[White "Berchtenbreiter, Maximilian"]
[Black "Krassowizkij, Jaroslaw"]
[Result "1/2-1/2"]
[WhiteElo "2493"]
[BlackElo "2436"]
[PlyCount "73"]
[EventDate "2022.11.03"]
[EventType "team-tourn"]
[EventRounds "11"]
[EventCountry "AUT"]
[SourceTitle "EXT 2024"]
[Source "ChessBase"]
[SourceDate "2023.10.10"]
[SourceVersion "1"]
[SourceVersionDate "2023.10.10"]
[SourceQuality "1"]
[WhiteTeam "Schach ohne Grenzen"]
[BlackTeam "Goetzis"]
[WhiteTeamCountry "AUT"]
[BlackTeamCountry "AUT"]

1. e4 e5 2. Nf3 Nc6 3. Bb5 Nf6 4. 0-0 Nxe4 5. Re1 Nd6 6. Nxe5 Be7 7. Bf1 Nxe5 8. Rxe5 0-0 9. d4 Bf6 10. Re1 Re8 11. c3 Rxe1 12. Qxe1 Ne8 13. d5 c6 14. Qe4 Qe7 15. Nd2 cxd5 16. Qxd5 Nc7 17. Qf3 d5 18. Nb3 Bd7 19. Be3 Bc6 20. Bc5 Qd7 21. Bd4 Bxd4 22. Nxd4 Ne6 23. Rd1 Nxd4 24. Rxd4 Re8 25. Qd1 Re4 26. Rxe4 dxe4 27. Qxd7 Bxd7 28. Bc4 Kf8 29. Bd5 Bc6 30. Bxc6 bxc6 31. g4 Ke7 32. Kf1 Kf6 33. Ke2 Ke5 34. Ke3 f6 35. f4+ exf3 36. Kxf3 f5 37. gxf5 1/2-1/2

[Event "AUT-chT 2223"]
[Site "Austria"]
[Date "2022.11.03"]
[Round "1.2"]
[White "Janzelj, Tim"]
[Black "Berchtenbreiter, Maximilian"]
[Result "1-0"]
[WhiteElo "2456"]
[BlackElo "2493"]
[PlyCount "85"]
[EventDate "2022.11.03"]
[EventType "team-tourn"]
[EventRounds "11"]
[EventCountry "AUT"]
[SourceTitle "EXT 2024"]
[Source "ChessBase"]
[SourceDate "2023.10.10"]
[SourceVersion "1"]
[SourceVersionDate "2023.10.10"]
[SourceQuality "1"]
[WhiteTeam "Raika Feffernitz"]
[BlackTeam "Schach ohne Grenzen"]
[WhiteTeamCountry "AUT"]
[BlackTeamCountry "AUT"]

1. d4 Nf6 2. c4 a6 3. Nc3 c5 4. dxc5 e6 5. e4 Qc7 6. b4 b6 7. cxb6 Qe5 8. Bd2 Bxb4 9. Nf3 Qa5 10. Qb3 Nc6 11. Bd3 Rb8 12. 0-0 Rxb6 13. a3 Bxc3 14. Qxc3 Qxc3 15. Bxc3 Rb3 16. Rfc1 d6 17. Nd2 Rb8 18. Rab1 Rxb1 19. Rxb1 e5 20. Bc2 Kd8 21. Nb3 Re8 22. c5 dxc5 23. Nxc5 Nd7 24. Ba4 Kc7 25. Nb3 f6 26. Rc1 Bb7 27. Ba5+ Kd6 28. Rd1+ Ke6 29. Bb4 Rd8 30. Rd6+ Kf7 31. Bxc6 Bxc6 32. Rxc6 Nc5 33. Nd2 Nxe4 34. Nf1 Rd1 35. f3 Ng5 36. Rxa6 Ne6 37. Rd6 Ra1 38. Rd2 h5 39. Kf2 h4 40. Ne3 Kg6 41. Nd5 Kg5 42. Nc3 Nf4 43. Rd1 1-0

[Event "Bundesliga 2223"]
[Site "Germany"]
[Date "2022.10.23"]
[Round "2.8"]
[White "Geirnaert, Steven"]
[Black "Berchtenbreiter, Maximilian"]
[Result "1-0"]
[WhiteElo "2399"]
[BlackElo "2509"]
[PlyCount "81"]
[EventDate "2022.10.21"]
[EventType "team-tourn"]
[EventRounds "15"]
[EventCountry "GER"]
[SourceTitle "CBM 211"]
[Source "ChessBase"]
[SourceDate "2022.12.31"]
[SourceVersion "1"]
[SourceVersionDate "2022.12.31"]
[SourceQuality "1"]
[WhiteTeam "Remagen Sinzig"]
[BlackTeam "Muenchen 36"]
[WhiteTeamCountry "GER"]
[BlackTeamCountry "GER"]

1. d4 Nf6 2. c4 e6 3. Nc3 d5 4. cxd5 exd5 5. Bg5 Be7 6. e3 0-0 7. Bd3 Re8 8. Nf3 c6 9. Qc2 Ne4 10. Bf4 Bf5 11. 0-0 Bf6 12. Be5 Nd7 13. Nxe4 dxe4 14. Bxe4 Bxe4 15. Qxe4 Qa5 16. Rfd1 Nxe5 17. dxe5 Bxe5 18. Nxe5 Rxe5 19. Qf4 Rf5 20. Qd6 Qb6 21. Rd2 h6 22. Rad1 a5 23. g4 Rg5 24. h3 Re8 25. Qd4 Qb5 26. Qf4 Rd5 27. Rxd5 cxd5 28. Qd4 a4 29. Rd2 Rd8 30. e4 Rc8 31. exd5 Rc4 32. Qd3 Rc1+ 33. Kg2 Qe8 34. d6 Qe1 35. d7 Qh1+ 36. Kg3 Rg1+ 37. Kh4 g6 38. d8Q+ Kh7 39. Qf6 Rxg4+ 40. Kxg4 Qg2+ 41. Kh4 1-0

[Event "Bundesliga 2223"]
[Site "Germany"]
[Date "2022.10.21"]
[Round "7.8"]
[White "Berchtenbreiter, Maximilian"]
[Black "Kuznecovs, Nikita"]
[Result "1/2-1/2"]
[WhiteElo "2509"]
[BlackElo "2301"]
[PlyCount "204"]
[EventDate "2022.10.21"]
[EventType "team-tourn"]
[EventRounds "15"]
[EventCountry "GER"]
[SourceTitle "CBM 211"]
[Source "ChessBase"]
[SourceDate "2022.12.31"]
[SourceVersion "1"]
[SourceVersionDate "2022.12.31"]
[SourceQuality "1"]
[WhiteTeam "Muenchen 36"]
[BlackTeam "Deggendorf"]
[WhiteTeamCountry "GER"]
[BlackTeamCountry "GER"]

1. Nf3 Nf6 2. g3 b5 3. Bg2 Bb7 4. 0-0 e6 5. d4 c5 6. c3 Be7 7. a4 b4 8. Nbd2 0-0 9. a5 Na6 10. cxb4 Nxb4 11. dxc5 Bxc5 12. Nb3 Be7 13. Be3 Nbd5 14. Bd4 d6 15. a6 Bc8 16. Na5 e5 17. Nxe5 dxe5 18. Bxe5 Be6 19. Nc6 Qe8 20. Nxe7+ Qxe7 21. Bxf6 Nxf6 22. Bxa8 Rxa8 23. Qd3 Bg4 24. Rfe1 Rd8 25. Qc4 Re8 26. Rac1 Bh3 27. Rc3 Qd6 28. b4 Re4 29. Qc5 Qxa6 30. b5 Qa5 31. f3 Re8 32. Rcc1 h5 33. Ra1 Qd2 34. Kf2 Nd7 35. Qxa7 Ne5 36. Ra3 Kh7 37. Qc5 Qb2 38. Re3 f6 39. Qd5 Kh8 40. Rd1 Kh7 41. Qb3 Qxb3 42. Rxb3 Be6 43. Rb4 Kg6 44. b6 Rb8 45. e4 Nxf3 46. Rd6 Ne5 47. b7 Bd7 48. Rd5 Kf7 49. Rb6 Ke7 50. Kg1 Bh3 51. Kf2 Bg4 52. h4 Bd7 53. Kg1 Bh3 54. Kf2 Bg4 55. Kg1 Nd7 56. Rb4 Kd8 57. Rd2 Be6 58. Rd6 Bg4 59. Rd2 Ke8 60. Rc2 Ne5 61. Rb6 Bd7 62. Rc5 Kd8 63. Rc3 Ba4 64. Ra6 Bc6 65. Raxc6 Nxc6 66. Rxc6 Rxb7 67. Kf2 Kd7 68. Rc5 g6 69. Kf3 Rb3+ 70. Kf4 Rb1 71. Ra5 Rf1+ 72. Ke3 Re1+ 73. Kf4 Ke6 74. Ra7 g5+ 75. hxg5 Rf1+ 76. Ke3 fxg5 77. Rh7 Rh1 78. Kf3 Kf6 79. Rh6+ Kg7 80. Rd6 Rf1+ 81. Kg2 Rf6 82. Rd5 Kg6 83. Rd8 g4 84. Rg8+ Kh7 85. Rb8 Re6 86. Rb4 Kg6 87. Kf2 Rf6+ 88. Kg2 Rc6 89. Rb5 Rc2+ 90. Kf1 Rc3 91. Rb6+ Kg7 92. Kg2 Rc2+ 93. Kf1 Rc5 94. Kf2 Kf7 95. Ra6 Rc2+ 96. Kf1 Rc4 97. Rh6 Rc5 98. Rd6 Re5 99. Rd4 Kf6 100. Kf2 Ra5 101. Ke3 Ra3+ 102. Rd3 Ra1 1/2-1/2

[Event "EU-Cup 37th"]
[Site "Mayrhofen"]
[Date "2022.10.09"]
[Round "7.2"]
[White "Sanal, Vahap"]
[Black "Berchtenbreiter, Maximilian"]
[Result "1-0"]
[WhiteElo "2595"]
[BlackElo "2509"]
[PlyCount "71"]
[EventDate "2022.10.03"]
[EventType "team-swiss"]
[EventRounds "7"]
[EventCountry "AUT"]
[SourceTitle "CBM 210 Extra"]
[Source "ChessBase"]
[SourceDate "2022.11.30"]
[SourceVersion "1"]
[SourceVersionDate "2022.11.30"]
[SourceQuality "1"]
[WhiteTeam "Gokturk"]
[BlackTeam "Schach ohne Grenzen"]
[WhiteTeamCountry "TUR"]
[BlackTeamCountry "GER"]

1. e4 g6 2. d4 Bg7 3. Nf3 c6 4. c4 d5 5. cxd5 cxd5 6. e5 Bg4 7. Bb5+ Nc6 8. 0-0 Rc8 9. h3 Bxf3 10. Qxf3 e6 11. Nc3 Nge7 12. Bg5 Qb6 13. Rad1 0-0 14. Bf6 Nf5 15. Bxc6 Rxc6 16. Bxg7 Kxg7 17. Ne2 f6 18. Qf4 Qxb2 19. exf6+ Rxf6 20. Qe5 Nd6 21. Rb1 Qxa2 22. Nf4 Kf7 23. Nd3 a5 24. Nc5 b5 25. Nd7 Rf5 26. Qh8 Ke7 27. Ne5 Rc2 28. Qxh7+ Nf7 29. Rxb5 Rc7 30. Qg7 Qa4 31. Nxg6+ Kd7 32. Rb6 Kc8 33. Qf8+ Nd8 34. Ne7+ Rxe7 35. Qxe7 Qc2 36. Rfb1 1-0

[Event "EU-Cup 37th"]
[Site "Mayrhofen"]
[Date "2022.10.07"]
[Round "5.2"]
[White "Berchtenbreiter, Maximilian"]
[Black "Erenberg, Ariel"]
[Result "1-0"]
[WhiteElo "2509"]
[BlackElo "2516"]
[PlyCount "79"]
[EventDate "2022.10.03"]
[EventType "team-swiss"]
[EventRounds "7"]
[EventCountry "AUT"]
[SourceTitle "CBM 210 Extra"]
[Source "ChessBase"]
[SourceDate "2022.11.30"]
[SourceVersion "1"]
[SourceVersionDate "2022.11.30"]
[SourceQuality "1"]
[WhiteTeam "Schach ohne Grenzen"]
[BlackTeam "Kfar Saba"]
[WhiteTeamCountry "GER"]
[BlackTeamCountry "ISR"]

1. e4 e5 2. Nf3 Nc6 3. Bb5 a6 4. Ba4 Nf6 5. 0-0 Be7 6. Re1 b5 7. Bb3 d6 8. a4 Bg4 9. c3 Na5 10. Bc2 c5 11. h3 Bxf3 12. Qxf3 b4 13. d3 0-0 14. Nd2 Rb8 15. Nf1 Nd7 16. Ne3 Bg5 17. Qg4 g6 18. g3 Kh8 19. h4 Bxe3 20. Bxe3 f5 21. Qg5 Qe8 22. exf5 gxf5 23. d4 bxc3 24. bxc3 cxd4 25. cxd4 Qf7 26. dxe5 Nxe5 27. Bd4 Nac6 28. Bc3 f4 29. Rad1 fxg3 30. f4 Qc4 31. Qh6 Rf7 32. Re3 g2 33. Qxd6 Re8 34. Rxe5 Nxe5 35. Bxe5+ Kg8 36. Rd3 Re6 37. Qd8+ Rf8 38. Qg5+ Rg6 39. Qxg6+ hxg6 40. Bb3 1-0

[Event "Pasching PlusCity op"]
[Site "Pasching"]
[Date "2022.06.17"]
[Round "6"]
[White "Dietmayer Kraeutler, Marco"]
[Black "Berchtenbreiter, Maximilian"]
[Result "0-1"]
[WhiteElo "2308"]
[BlackElo "2507"]
[PlyCount "74"]
[EventDate "2022.06.17"]
[EventType "swiss (rapid)"]
[EventRounds "9"]
[EventCountry "AUT"]
[SourceTitle "EXT 2023"]
[Source "ChessBase"]
[SourceDate "2022.10.05"]
[SourceVersion "1"]
[SourceVersionDate "2022.10.05"]
[SourceQuality "1"]

1. d4 Nf6 2. c4 a6 3. Nc3 c5 4. dxc5 e6 5. Nf3 Bxc5 6. e3 0-0 7. Be2 Nc6 8. a3 Ba7 9. 0-0 d5 10. b4 Qe7 11. cxd5 Rd8 12. e4 exd5 13. exd5 Ne5 14. Bf4 Ng6 15. Bg3 Nh5 16. d6 Qf8 17. Ne4 Bf5 18. Nfg5 Nxg3 19. hxg3 h6 20. g4 Bd7 21. Nh3 Bc6 22. Bf3 Ne5 23. a4 Nxf3+ 24. Qxf3 Rxd6 25. b5 Bd5 26. Nf4 Bxe4 27. Qxe4 Rd4 28. Qxb7 Rxf4 29. b6 Bxb6 30. Qxb6 Rxg4 31. a5 Rg6 32. Qb7 Rb8 33. Qa7 Rb5 34. Rfc1 Qe8 35. Rc2 Qe4 36. Rc8+ Kh7 37. g3 Rh5 0-1